<?xml version="1.0" encoding="UTF-8"?>
<record
    xmlns:xsi="http://www.w3.org/2001/XMLSchema-instance"
    xsi:schemaLocation="http://www.loc.gov/MARC21/slim http://www.loc.gov/standards/marcxml/schema/MARC21slim.xsd"
    xmlns="http://www.loc.gov/MARC21/slim">

  <leader>00472nam a2200169Ia 4500</leader>
  <controlfield tag="008">230718s9999    xx            000 0 und d</controlfield>
  <datafield tag="020" ind1=" " ind2=" ">
    <subfield code="a">9788132210764</subfield>
  </datafield>
  <datafield tag="041" ind1=" " ind2=" ">
    <subfield code="a">eng</subfield>
  </datafield>
  <datafield tag="082" ind1=" " ind2=" ">
    <subfield code="a">004.678</subfield>
    <subfield code="b">KOW</subfield>
  </datafield>
  <datafield tag="100" ind1=" " ind2=" ">
    <subfield code="a">Kowalski G.</subfield>
    <subfield code="9">198124</subfield>
  </datafield>
  <datafield tag="245" ind1=" " ind2=" ">
    <subfield code="a">Information Retrieval Architecture And Algorithms</subfield>
  </datafield>
  <datafield tag="260" ind1=" " ind2=" ">
    <subfield code="c">2013</subfield>
    <subfield code="b">Springer</subfield>
  </datafield>
  <datafield tag="300" ind1=" " ind2=" ">
    <subfield code="a">305</subfield>
  </datafield>
  <datafield tag="365" ind1=" " ind2=" ">
    <subfield code="c">Rs.</subfield>
    <subfield code="b">825.00</subfield>
  </datafield>
  <datafield tag="700" ind1=" " ind2=" ">
    <subfield code="a">Kowalski G.</subfield>
    <subfield code="9">198124</subfield>
  </datafield>
  <datafield tag="906" ind1=" " ind2=" ">
    <subfield code="d">O:0475726-Oct-2015B:IN 76922-Jul-2015</subfield>
    <subfield code="c">IT</subfield>
    <subfield code="b">206.25</subfield>
  </datafield>
  <datafield tag="999" ind1=" " ind2=" ">
    <subfield code="c">340629</subfield>
    <subfield code="d">340629</subfield>
  </datafield>
  <datafield tag="952" ind1=" " ind2=" ">
    <subfield code="0">0</subfield>
    <subfield code="1">0</subfield>
    <subfield code="4">0</subfield>
    <subfield code="7">0</subfield>
    <subfield code="a">CCEP</subfield>
    <subfield code="b">CCEP</subfield>
    <subfield code="d">2015-10-26</subfield>
    <subfield code="e">Pradeep Book Distributors</subfield>
    <subfield code="f">IT</subfield>
    <subfield code="g">618.75</subfield>
    <subfield code="i">IN 769</subfield>
    <subfield code="l">1</subfield>
    <subfield code="o">004.678</subfield>
    <subfield code="p">CCEP-BK-51836</subfield>
    <subfield code="r">2024-03-06 00:00:00</subfield>
    <subfield code="s">2024-01-03</subfield>
    <subfield code="t">206.25</subfield>
    <subfield code="v">825.00</subfield>
    <subfield code="w">2015-07-22</subfield>
    <subfield code="y">BK</subfield>
    <subfield code="z">051836</subfield>
  </datafield>
</record>
